BSOP header

Out of the cults and into the church : (Record no. 1465)

MARC details
000 -LEADER
fixed length control field 00678nam a2200217 4500
005 - DATE AND TIME OF LATEST TRANSACTION
control field 20180430151642.0
008 - FIXED-LENGTH DATA ELEMENTS--GENERAL INFORMATION
fixed length control field 010522s1994 us 0 engYA
020 ## - INTERNATIONAL STANDARD BOOK NUMBER
International Standard Book Number 0825428858
100 1# - MAIN ENTRY--PERSONAL NAME
Personal name Hutchinson, Janis,
Dates associated with a name 1931-
245 10 - TITLE STATEMENT
Title Out of the cults and into the church :
Remainder of title understanding and encouraging ex-cultists /
Statement of responsibility, etc Janis Hutchinson
260 ## - PUBLICATION, DISTRIBUTION, ETC. (IMPRINT)
Place of publication, distribution, etc Michigan :
Name of publisher, distributor, etc Kregel,
Date of publication, distribution, etc c1994.
300 ## - PHYSICAL DESCRIPTION
Extent 222 p.
336 ## - CONTENT TYPE
Content Type Term text
337 ## - MEDIA TYPE
Media Type Term unmediated
338 ## - CARRIER TYPE
Carrier Type Term volume
504 ## - BIBLIOGRAPHY, ETC. NOTE
Bibliography, etc Includes bibliographical references.
650 #4 - SUBJECT ADDED ENTRY--TOPICAL TERM
Topical term or geographic name as entry element Church work with ex-cultists
650 #4 - SUBJECT ADDED ENTRY--TOPICAL TERM
Topical term or geographic name as entry element Ex-cultists
General subdivision Pastoral counseling of
650 #4 - SUBJECT ADDED ENTRY--TOPICAL TERM
Topical term or geographic name as entry element Ex-cultists
General subdivision Religious life
942 ## - ADDED ENTRY ELEMENTS (KOHA)
Source of classification or shelving scheme Library of Congress Classification
Item type Books
Holdings
Withdrawn status Lost status Source of classification or shelving scheme Damaged status Not for loan Home library Current library Shelving location Date acquired Inventory number Shelving control number Total Checkouts Full call number Barcode Date last seen Price effective from Koha item type Source of acquisition Copy number
    Library of Congress Classification     BSOP Library BSOP Library GC 12/21/2000 22688 127   BV4460.55 H97 1994 00015375 02/23/2013 02/23/2013 Books    
    Library of Congress Classification     BSOP Library BSOP Library GC 04/30/2018 40748     BV4460.55 H97 1994 c.2 00051748 04/30/2018 04/30/2018 Books   c.2
    Library of Congress Classification     BSOP Library BSOP Library GC 04/30/2018 40788     BV4460.55 H97 1994 c.3 00051788 04/30/2018 04/30/2018 Books   c.3
BSOP

Biblical Seminary of the Philippines
  All rights Reserved
  © 2024

CONTACT INFORMATION

Biblical Seminary of the Philippines,
  77-B Karuhatan Road, Valenzuela City,
  PHILIPPINES 1441
  Phone: +632 8292-6795 / 8292-6798
  Fax : +632 8292-6675
  Email: library@bsop.edu.ph